00682nam a2200241 a 4500001001300000003000900013005001700022008004100039020001000080082001500090100002100105245005000126260003100176300000900207500003500216505001000251650001000261700002100271902000800292942000700300952011600307999001700423nice12345678IN_TiNIC20260116013432.0050524s1996 dela grp 000 0 eng  ac15000a421.5bSHA aSharpe, Pamela J aTOEFLb Test of English as a Foreign Language aDelhibGalgotia Pub.c1996 a644p aincludes index and biblioraphy2 aIndex aToefl1 aSharpe, Pamela J bSRS cBK 001040708StackRoom-aHMIbHMId2008-07-17g150.00l0o421.5 SHAp016718r2008-07-17v150.00w2005-05-24yBK c10975d10975